000 00680nam a2200229Ia 4500
001 5615
003 GE_BSU
008 181216s||||||||xx |||||||||||||| ||und||
040 _cGE_BSU
080 _a51(09)"653
100 _aКольман Э.
245 _aИстория математики в древности.
245 _cОтв ред.Б.А. Розенфельд
260 _aМосква
260 _bГосидат физ-мат.лит-ры
260 _c1961
300 _a235 с. 22см.
653 _aИстория математики в древности.
653 _aматематика
653 _aმათემატიკა
942 _cBK
999 _c39068
_d39068